000 00310nam a2200133Ia 4500
008 221030s9999 xx 000 0 und d
041 _aEnglish
100 _aA Silberchatz
245 0 _aDatabase System Cocepts
_cby A Silberchatz, Karth, H
260 _c0
650 _aB
700 _aKarth, H
942 _cBK
999 _c14207
_d14207